000 00599nam a22001817a 4500
005 20251108175702.0
008 250721s2013 xx 000 0 ara d
082 1 4 _aط/387.7/بار
100 1 _aباركر، ستيف
245 1 0 _aوسائل النقل في المستقبل / عبر الجو /
264 1 _aالرياض :
_bمدينة الملك عبد العزير للعلوم والتقنية،
_c2013.
300 _a32ص.
650 1 7 _aالمواصلات
650 1 7 _aالنقل الجوي
653 _aناشئون صغار (10-14) سنة
942 _2ddc
_cBK
999 _c139978
_d139978